A report by the Civil Engineering Committee of the Institute of Quantity Surveyors on procedure in connection with form of sub-contract (as amended 30th March 1973) Designed for use in conjunction with the I.C.E. General Conditions of Contract (Record no. 96115)

MARC details
000 -LEADER
fixed length control field 00643cam a2200169 4500
001 - CONTROL NUMBER
control field D5924
008 - FIXED-LENGTH DATA ELEMENTS--GENERAL INFORMATION
fixed length control field 090401t1980 xxu||||| |||| 00| 0 eng d
035 ## - SYSTEM CONTROL NUMBER
System control number (Sirsi) u76076
041 ## - LANGUAGE CODE
Language code of text/sound track or separate title eng
050 ## - LIBRARY OF CONGRESS CALL NUMBER
Classification number 624.09
110 ## - MAIN ENTRY--CORPORATE NAME
Corporate name or jurisdiction name as entry element The Institute of Quantity Surveyors Civil Engineering Committee
9 (RLIN) 2508
245 #2 - TITLE STATEMENT
Title A report by the Civil Engineering Committee of the Institute of Quantity Surveyors on procedure in connection with form of sub-contract (as amended 30th March 1973) Designed for use in conjunction with the I.C.E. General Conditions of Contract
260 ## - PUBLICATION, DISTRIBUTION, ETC.
Place of publication, distribution, etc. London
Name of publisher, distributor, etc. IQS
Date of publication, distribution, etc. 1980
350 ## - PRICE (NR) (BK AM CF MU VM SE) [OBSOLETE]
Price 0
942 ## - ADDED ENTRY ELEMENTS (KOHA)
Suppress in OPAC 0
948 ## - LOCAL PROCESSING INFORMATION (OCLC); SERIES PART DESIGNATOR (RLIN)
c (OCLC) 04/03/1997
Holdings
Withdrawn status Lost status Source of classification or shelving scheme Damaged status Not for loan Home library Current library Shelving location Date acquired Total Checkouts Full call number Barcode Date last seen Copy number Price effective from Koha item type
    Dewey Decimal Classification     London London Basement 14/09/1999   SHELF 330 30004448 06/08/2019 1 06/08/2019 Book